000 00444nam a22001697a 4500
003 MPLRDC
005 20220104143957.0
008 210129b ||||| |||| 00| 0 eng d
082 _a782.886 JZS
100 _a井植薰
245 _a事成于思--三洋公司前总经理回忆录
_c郑海东 译
250 _a初版
260 _a
_b国际文化出版公司
_c1987
300 _b
650 _a日本传记
942 _cBK
_o782.886 JZS
999 _c45189
_d45179